| 000 | 02856cam a22004454i 4500 | ||
|---|---|---|---|
| 003 | PE-LiUPU | ||
| 005 | 20250731165406.0 | ||
| 008 | 151013s2014 pe a grm 000 0 spa d | ||
| 035 | _a(Sirsi) a154841 | ||
| 040 |
_aPE-LiUPU _bspa _cPE-LiUPU _erda |
||
| 099 |
_aTIA 2 _bQ73 2014 |
||
| 100 | 1 |
_aQuispe Arpasi, Diana Elizabeth _eautor |
|
| 245 | 1 |
_aMicroencapsulación de aceite de sacha inchi (Plukenetia volubilis L.) por atomización / _cDiana Elizabeth Quispe Arpasi. |
|
| 264 | 0 | _c2014 | |
| 300 |
_a79 hojas : _bilustraciones; _c30 cm |
||
| 336 |
_atext _2rdacontent |
||
| 337 |
_aunmediated _2rdamedia |
||
| 338 |
_avolume _2rdacarrier |
||
| 502 |
_aTesis _b(Lic.) -- _cUniversidad Peruana Unión, _d2014. |
||
| 504 | _aIncluye referencias | ||
| 520 | 3 | _aEl presente trabajo tuvo por objetivo caracterizar las microcápsulas de aceite de Sacha Inchi obtenidas por atomización. Para la elaboración de las microcápsulas se utilizó un Diseño Central Compuesto - Circunscrito, teniendo como factores a la concentración de aceite de Sacha Inchi (x1) y a la concentración de maltodextrina (x2). Las variables respuestas fueron: eficiencia de microencapsulación [MEE] y densidad aparente. MEE corresponde a una relación entre el porcentaje de aceite en las microcápsulas y al que se encontraba en la emulsión original. Y la densidad aparente es un parámetro importante para evaluar las características del polvo. El análisis de varianza muestra que los factores que influyeron significativamente sobre MEE fueron: concentración de aceite (efecto lineal, p=0.002) y concentración de maltodextrina (efecto cuadrático, p=0.005). Sobre la densidad aparente influyó solamente la concentración de maltodextrina (efecto cuadrático, p=0.038). Las microcápsulas que tuvieron el valor más alto de MEE (concentración de aceite de 4% y concentración de maltodextrina 35%) presentaron las siguientes características: contenido de humedad 4.37 ± 0.7%, densidad aparente 379.24 ± 3 Kg/m³, índice de Carr 41.8 ± 1, índice de Hausner 1.7 ± 0.03,, un tamaño de partícula en un rango de 1.97 - 12.61 um, y microcápsula de superficie lisa sin presencia de poros. La microencapsulación de aceite de Sacha Inchi constituye un buen modelo para aumentar la ingesta de w-3 por los consumidores. | |
| 526 | _aSEG44 | ||
| 526 | _aSEG26 | ||
| 526 | _aP151 | ||
| 526 | _aP150 | ||
| 526 | _aP149 | ||
| 526 | _aP146 | ||
| 526 | _aP145 | ||
| 526 | _aP126 | ||
| 526 | _aP125 | ||
| 526 | _aP92 | ||
| 526 | _aP75 | ||
| 526 | _aP74 | ||
| 526 | _aP27 | ||
| 526 | _aP15 | ||
| 650 | 0 | 4 |
_aSacha inchi _xAtomización. |
| 596 | _a1 | ||
| 942 |
_2ddc _cTESIS |
||
| 999 |
_aTIA 2 Q73 2014 _wALPHANUM _c7538 _iT01757 _lCCODEBUL3 _mBUL _r1 _sY _tTESIS _u2015-10-13 _xINGENIERIA _PP24 _o.STAFF. Tesis _d7538 |
||
| 980 |
_81 _gALBERTO SANCHEZ Responsable de Automatización |
||